Ekonometrická analýza vybraných makroekonomických ukazovateľov v Slovenskej republike v rokoch 1991-1993
Výsledky ekonometrickej analýzy vývoja troch makroekonomických ukazovateľov slovenskej ekonomiky - inflácie, miezd a produktivity práce (na základe štatistických údajov). Analýza vplyvov pôsobiacich na vývoj inflácie, miezd a zamestnanosti. Vzájomné vzťahy medzi týmito ukazovateľmi. Súhrnné priame a...
Saved in:
| Main Author: | |
|---|---|
| Other Authors: | |
| Format: | Book Chapter |
| Language: | Slovak |
| Subjects: | |
| Tags: |
No Tags, Be the first to tag this record!
|
MARC
| LEADER | 00000naa a2200000 4500 | ||
|---|---|---|---|
| 001 | r017554 | ||
| 005 | 20221205101554.6 | ||
| 041 | 0 | |a slo | |
| 044 | |a SK | ||
| 245 | 1 | 0 | |a Ekonometrická analýza vybraných makroekonomických ukazovateľov v Slovenskej republike v rokoch 1991-1993 |c J. Haluška, I. Šujan |
| 520 | |a Výsledky ekonometrickej analýzy vývoja troch makroekonomických ukazovateľov slovenskej ekonomiky - inflácie, miezd a produktivity práce (na základe štatistických údajov). Analýza vplyvov pôsobiacich na vývoj inflácie, miezd a zamestnanosti. Vzájomné vzťahy medzi týmito ukazovateľmi. Súhrnné priame a nepriame vplyvy pôsobiace na ceny, mzdy a zamestnanosť. | ||
| 610 | 2 | 0 | |a makroekonomika |
| 610 | 2 | 0 | |a ukazovatele ekonomické |
| 610 | 2 | 0 | |a analýza ekonometrická |
| 610 | 2 | 0 | |a Slovensko |
| 610 | 2 | 0 | |a 1991-1993 |
| 610 | 2 | 0 | |a inflácia |
| 610 | 2 | 0 | |a mzdy |
| 610 | 2 | 0 | |a zamestnanosť |
| 610 | 2 | 0 | |a produktivita práce |
| 610 | 2 | 0 | |a údaje štatistické |
| 610 | 2 | 0 | |a ceny |
| 100 | 1 | |a Haluška, Ján | |
| 700 | 1 | |a Šujan, I. | |